The 1969 World Book Year Book

Uloženo v:
Podrobná bibliografie
Médium: Kniha
Jazyk:Undetermined
Vydáno: Chicago, Estados Unidos Field Enterprises Educational Corporation 1969
Témata:
Tagy: Přidat tag
Žádné tagy, Buďte první, kdo vytvoří štítek k tomuto záznamu!

MARC

LEADER 00000nam a2200000Ia 4500
008 170316s9999 xx 000 0 und d
040 |a cru BVZT 
090 |a REF 
245 4 |a The 1969 World Book Year Book 
260 |a Chicago, Estados Unidos 
260 |b Field Enterprises Educational Corporation 
260 |c 1969 
300 |a 628 páginas 
650 |a REFERENCIA 
650 |a ENCICLOPEDIA EN INGLÉS 
942 |c REF 
999 |c 14938  |d 14938